000
00285nam a2200109Ia 4500
008
200302s9999 xx 000 0 und d
100
_a
D. Kirk & Other
245
_a
Services Heating and Equipment for Home Economists
260
_b
Ellis Horwood Ltd.
260
_c
1982
300
_a
309 P.,
999
_c
2176
_d
2176